Transient phenomena in electrical power systems /
Saved in:
| Hovedforfatter: | |
|---|---|
| Andre forfattere: | , |
| Format: | Bog |
| Sprog: | English Russian |
| Udgivet: |
Oxford :
Pergamon Press,
1964.
|
| Serier: | International series of monographs on electronics and instrumentation ;
v. 24. |
| Fag: |
| LEADER | 01678cam a2200337 a 4500 | ||
|---|---|---|---|
| 001 | c000232753 | ||
| 003 | CARM | ||
| 005 | 20070417090315.0 | ||
| 008 | 810220s1964 enka b 001 0 eng d | ||
| 010 | |a 64007304 | ||
| 019 | 1 | |a 3181542 |z 45202016 |z 23680316 |5 LACONCORD2021 | |
| 035 | |a (OCoLC)10755049 |5 LACONCORD2021 | ||
| 040 | |a NWU |c VCAV | ||
| 041 | 1 | |a eng |a rus | |
| 050 | 0 | 0 | |a TK3226 |b .V3813 1964a |
| 082 | 0 | 4 | |a 621.31921 |
| 100 | 1 | |a Venikov, V. A. |q (Valentin Andreevich) | |
| 240 | 1 | 0 | |a Ėlektromekhanicheskie perekhodnye prot͡sessy v ėlektricheskikh sistemakh. |l English |
| 245 | 1 | 0 | |a Transient phenomena in electrical power systems / |c by V.A. Venikov ; abridged translation by Bernard Adkins and Daniel Rutenberg. |
| 260 | |a Oxford : |b Pergamon Press, |c 1964. | ||
| 300 | |a xiv, 183 p. : |b ill. ; |c 24 cm. | ||
| 490 | 1 | |a International series of monographs on electronics and instrumentation ; |v v. 24 | |
| 500 | |a - - Supplement. Transient phenomena in electrical power systems: problems and illustrations/edited by V.A. Venikov; translated from the Russian by R. Kaplan; translation edited by Bernard Adkins.-1965.-x, 418p.: ill., diagrs., tables; 24cm. | ||
| 504 | |a Includes bibliographical refernces (p.179-180) and index. | ||
| 650 | 0 | |a Transients (Electricity) | |
| 700 | 1 | |a Adkins, Bernard. | |
| 700 | 1 | |a Rutenberg, Daniel. | |
| 830 | 0 | |a International series of monographs on electronics and instrumentation ; |v v. 24. | |
| 852 | 8 | |b CARM |h A1:AP18F0 |i C09294 |p 0340925 |f BK | |
| 999 | f | f | |i 22356968-7629-5647-98b4-de4146cdc1ce |s 264546f9-c31d-53d5-98ad-81e81a305eb3 |
| 952 | f | f | |p Can circulate |a CAVAL |b CAVAL |c CAVAL |d CARM 1 Store |e C09294 |f A1:AP18F0 |h Other scheme |i book |m 0340925 |